00731nam a22002537a 450000500170000000800410001702000180005804100080007608200180008410000200010210000190012224500280014126000400016930000180020949000460022749000270027349000380030065000320033865000140037065000300038465000120041465000150042665000360044120250624173018.0160307b2014 xxu||||| |||| 00| 0 spa d a9786073229104 aESP a005.52bG248g aGaskin, Shelley aVargas, Alicia aGo! microsoft Word 2013 aMéxicobPearson Educaciónc2014 a183 páginas aDirección y Administración de Empresa aSecretariado Ejecutivo aTecnologías de la Información aPROGRAMAS PARA COMPUTADORAS aWORD 2013 aCREACIÓN DE DOCUMENTOS  aTABLAS  aPLANTILLAS aARTÍCULOS DE INVESTIGACIÓN